Interrogation Song - Muppets Most Wanted - Lyrics - Statistics

General Stats
  • This quiz has been taken 24 times
  • The average score is 333 of 521
Answer Stats
Lyrics % Correct
We
88%
we
88%
you
88%
You
88%
a
81%
did
81%
did,
81%
From
81%
from
81%
I
81%
Kermit,
81%
o'
81%
the
81%
The
81%
then
81%
about
75%
About
75%
an
75%
at
75%
day
75%
do
75%
Do
75%
Go
75%
go
75%
in
75%
inside
75%
know
75%
know,
75%
let's
75%
Let's
75%
more
75%
no
75%
No
75%
No,
75%
pig
75%
Piggy,
75%
Rainbow
75%
show
75%
That
75%
that
75%
to
75%
To
75%
Was
75%
was
75%
who
75%
all
69%
All
69%
and
69%
And
69%
ate
69%
bacon
69%
begin
69%
Berlin
69%
Can
69%
can
69%
Connection
69%
gallery?
69%
it
69%
it?
69%
it,
69%
it...
69%
me
69%
me,
69%
Miss
69%
night
69%
played
69%
questions
69%
questions!
69%
sing
69%
ten
69%
than
69%
Thank
69%
three
69%
Were
69%
what
69%
What
69%
when
69%
are
63%
Are
63%
Ask
63%
ask
63%
audience
63%
but
63%
crime
63%
Describe
63%
didn't
63%
didn't,
63%
didn't?
63%
have
63%
help
63%
it's
63%
It's
63%
locked
63%
man
63%
Muppets,
63%
not
63%
of
63%
on
63%
On
63%
out
63%
portrait
63%
sang
63%
save
63%
stage
63%
Tell
63%
there,
63%
there
63%
they
63%
They
63%
think
63%
up
63%
us
63%
walked
63%
your
63%
Your
63%
accusation
56%
art
56%
art?
56%
by
56%
chance
56%
criminal
56%
don't
56%
far
56%
four
56%
give
56%
Give
56%
Gonzo,
56%
helping
56%
how
56%
If
56%
is
56%
I've
56%
My
56%
my
56%
nine
56%
nothing
56%
Now's
56%
o'clock
56%
plan
56%
puns,
56%
puns
56%
rehearsed
56%
romantic
56%
sauerkraut
56%
saw
56%
she
56%
So
56%
start
56%
steal
56%
stolen
56%
swine
56%
taken
56%
this
56%
time
56%
too
56%
Yes
56%
yes
56%
zero
56%
alibi
50%
bratwurst
50%
chances
50%
chef
50%
chicken
50%
committing
50%
could
50%
creep
50%
encore
50%
end
50%
ever
50%
for
50%
Frog
50%
hearts
50%
Hello,
50%
here?
50%
hide
50%
I'm
50%
incapable
50%
investigation
50%
jump
50%
lake,
50%
less
50%
masterminds
50%
missing
50%
off
50%
point
50%
prove
50%
said
50%
stupid
50%
suggestion
50%
they're
50%
They're
50%
watertight
50%
We'll
50%
whole
50%
Will
50%
with
50%
bed
44%
being
44%
bow
44%
bull
44%
Calm
44%
Camilla
44%
Camilla,
44%
catch
44%
clock
44%
concussed
44%
confirm
44%
co-operate
44%
deal
44%
down
44%
Elvis
44%
Gentlemen,
44%
get
44%
good
44%
haven't
44%
hit
44%
hospital
44%
impression?
44%
inspection
44%
job
44%
Madrid?
44%
our
44%
pin
44%
plea
44%
raging
44%
routine
44%
rushed
44%
seen
44%
squeal
44%
Swedish
44%
that's
44%
There's
44%
translation?
44%
want
44%
way
44%
we've
44%
willing
44%
believe
38%
Bring
38%
busts
38%
cop,
38%
cop
38%
couldn't,
38%
easy,
38%
full
38%
just
38%
knew
38%
likes
38%
Madam,
38%
Monsieur
38%
never
38%
she'll
38%
simply
38%
thief,
38%
whereabouts?
38%
cause
31%
culpable!
31%
doubts
31%
guy
31%
purple
31%
remember
31%
somebody
31%
spent
31%
tickin'
31%
truth
31%
got
25%
Madrid's
25%
Prado?
25%
corroborate?
19%
sculpture
19%
shnozz
19%
theft
19%
No matching quizzes found
Score Distribution
Percent of People with Each Score
Percentile by Number Answered
Your Score History
You have not taken this quiz